Moc věcí : vedlejší role designu = The power od things : supporting role of design /

Korporativní autor: Galerie Kvalitář (Praha, Česko)
Další autoři: Tomášek, Antonín, 1978-, Mikyska, Ian, 1994-
Jazyk: Čeština
Angličtina
Vydáno: Ústí nad Labem : FUD UJEP, 2021
Témata:
Fyzický popis: 107 stran : ilustrace (převážně barevné) ; 19 cm
Language note: Souběžný anglický text
Knihy
Uloženo v:
LEADER 02749nam a2200673 i 4500
001 nkc20213351904
003 CZ PrNK
005 20230509102253.0
007 ta
008 210914s2021 xr a e 000 0dcze
015 |a cnb003351904 
020 |a 978-80-7561-300-4  |q (brožováno) 
035 |a (OCoLC)1284973392 
040 |a BOA001  |b cze  |e rda 
041 1 |a cze  |a eng  |h cze 
043 |a e-xr--- 
045 |a y-y- 
072 7 |a 73  |x Sochařství, keramika, porcelán, umělecké zpracování kovů  |2 Konspekt  |9 21 
080 |a 738  |2 MRF 
080 |a 738.1  |2 MRF 
080 |a 7.05  |2 MRF 
080 |a 7.036/.038  |2 MRF 
080 |a (437.3)  |2 MRF 
080 |a (048.8:082)  |2 MRF 
245 0 0 |a Moc věcí :  |b vedlejší role designu = The power od things : supporting role of design /  |c Antonín Tomášek (ed.) ; překlad: Ian Mikyska 
246 3 1 |a Power od things 
264 1 |a Ústí nad Labem :  |b FUD UJEP,  |c 2021 
300 |a 107 stran :  |b ilustrace (převážně barevné) ;  |c 19 cm 
336 |a text  |b txt  |2 rdacontent 
336 |a statický obraz  |b sti  |2 rdacontent 
337 |a bez média  |b n  |2 rdamedia 
338 |a svazek  |b nc  |2 rdacarrier 
500 |a Publikace doprovází výstavní projekt Touch v Galerii Kvalitář v roce 2021 
500 |a 200 výtisků 
504 |a Obsahuje bibliografii a bibliografické odkazy 
546 |a Souběžný anglický text 
600 1 7 |a Tomášek, Antonín,  |d 1978-  |7 mzk2005274913  |2 czenas 
648 7 |a 21. století  |7 ch460559  |2 czenas 
650 0 7 |a umělecká keramika  |7 ph126880  |z Česko  |y 21. století  |2 czenas 
650 0 7 |a porcelán  |7 ph124361  |z Česko  |y 21. století  |2 czenas 
650 0 7 |a design  |7 ph114303  |z Česko  |y 21. století  |2 czenas 
650 0 7 |a moderní umění  |7 ph115340  |z Česko  |2 czenas 
650 0 9 |a art pottery  |z Czechia  |y 21st century  |2 eczenas 
650 0 9 |a porcelain  |z Czechia  |y 21st century  |2 eczenas 
650 0 9 |a design  |z Czechia  |y 21st century  |2 eczenas 
650 0 9 |a modern art  |z Czechia  |2 eczenas 
655 7 |a kolektivní monografie  |7 fd501537  |2 czenas 
655 9 |a collective monographs  |2 eczenas 
700 1 |a Tomášek, Antonín,  |d 1978-  |7 mzk2005274913  |4 edt 
700 1 |a Mikyska, Ian,  |d 1994-  |7 osd2016932225  |4 trl 
710 2 |a Galerie Kvalitář (Praha, Česko)  |7 ko2016901368  |4 orm 
910 2 |a BOA001  |b 1-1475.375 
928 9 |a Fakulta umění a designu Univerzity Jana Evangelisty Purkyně 
928 9 |a Univerzita Jana Evangelisty Purkyně, Fakulta umění a designu 
990 |a BK 
995 |a 01 
991 |b 202110  |c NOV 
996 6 |b 2610879455  |c 1-1475.375  |l MZK  |r Sklad / do 1 hodiny  |n 2  |p p.v.  |w 001864314  |u 000010  |a 1  |e BOA001  |j MZK50  |s P 
996 7 |b 2610938024  |c 1-1475.375  |l MZK  |r Sklad / do 1 hodiny  |n 0  |p kup  |w 001864314  |u 000020  |a 1  |e BOA001  |j MZK50  |s A